000
00303nam a22001337a 4500
008
180813b xxu||||| |||| 00| 0 eng d
041
_a
eng
080
_2
6 th
_a
612.39
082
_a
612.39 PHI
100
_a
10
101
_a
NUT
245
_a
Diseases of metabolism
_c
Philip.K
942
_2
udc
_c
BK
999
_c
47017
_d
47017